[Event "IECG OP.2006.0.00047"]
[Site "IECG email"]
[Date "2006.05.20"]
[Round "?"]
[White "Heupel, Helmut"]
[Black "Melhorn, Jonathan"]
[Result "0-1"]
[WhiteElo "1513"]
[BlackElo "800"]
[PlyCount "64"]
[EventDate "2006.05.20"]
[EventType "tourn (corr)"]
[EventRounds "6"]
[SourceTitle "Corr 2008"]
[Source "ChessBase"]
[SourceDate "2008.06.24"]
[SourceVersion "1"]
[SourceVersionDate "2008.06.24"]
[SourceQuality "1"]

1. d4 Nf6 2. e3 d5 3. Nf3 e6 4. Bd3 c5 5. b3 Nc6 6. 0-0 Bd6 7. Bb2 0-0 8. Nbd2 cxd4 9. exd4 Ng4 10. h3 Nf6 11. a3 b6 12. Ne5 Bb7 13. f4 Ne7 14. Qf3 Nf5 15. Rae1 Be7 16. Ng4 Nxg4 17. hxg4 Nh4 18. Qh3 Qc8 19. Re5 Ba6 20. c4 Qd8 21. Rh5 g6 22. Rh6 dxc4 23. bxc4 Bb7 24. g5 Bxg5 25. fxg5 Qxg5 26. Rxh4 Bxg2 27. Qxg2 Qxh4 28. Nf3 Qf4 29. Bc1 Qd6 30. Bh6 Rfe8 31. Be3 Qxa3 32. Ne5 Rad8 0-1

[Event "IECG OP.2006.0.00047"]
[Site "IECG email"]
[Date "2006.05.20"]
[Round "?"]
[White "Melhorn, Jonathan"]
[Black "Keber, Ernst"]
[Result "0-1"]
[WhiteElo "800"]
[BlackElo "1858"]
[PlyCount "66"]
[EventDate "2006.05.20"]
[EventType "tourn (corr)"]
[EventRounds "6"]
[SourceTitle "Corr 2008"]
[Source "ChessBase"]
[SourceDate "2008.06.24"]
[SourceVersion "1"]
[SourceVersionDate "2008.06.24"]
[SourceQuality "1"]

1. e4 Nf6 2. e5 Nd5 3. d4 d6 4. Nf3 g6 5. Bc4 Nb6 6. Bb3 Bg7 7. a4 dxe5 8. a5 N6d7 9. Bxf7+ Kxf7 10. Ng5+ Kg8 11. Ne6 Qe8 12. Nxc7 Qd8 13. Nxa8 exd4 14. Qd3 Na6 15. Qb3+ Kf8 16. Qd5 e6 17. Qd6+ Kf7 18. 0-0 Nf6 19. Qxd8 Rxd8 20. Bf4 Nd5 21. Bg5 Ne7 22. Ra3 Bd7 23. Rh3 Rh8 24. Re1 h6 25. Bd2 g5 26. Rf3+ Bf6 27. h4 g4 28. Rf4 Rxa8 29. Rxg4 e5 30. Rg3 Nf5 31. Rb3 Bc6 32. h5 Rg8 33. g3 e4 0-1

[Event "IECG ZN.2006.0.00014"]
[Site "IECG email"]
[Date "2006.05.20"]
[Round "?"]
[White "Puri, Chaand"]
[Black "Melhorn, Jonathan"]
[Result "1-0"]
[WhiteElo "800"]
[BlackElo "800"]
[PlyCount "45"]
[EventDate "2006.05.20"]
[EventType "tourn (corr)"]
[EventRounds "2"]
[SourceTitle "Corr 2008"]
[Source "ChessBase"]
[SourceDate "2008.06.24"]
[SourceVersion "1"]
[SourceVersionDate "2008.06.24"]
[SourceQuality "1"]

1. e4 c5 2. Bc4 e6 3. Nf3 Nc6 4. 0-0 g5 5. d3 g4 6. Ne1 d5 7. exd5 exd5 8. Bb3 Be6 9. Nc3 Bg7 10. Bf4 a6 11. g3 Bxc3 12. bxc3 c4 13. dxc4 dxc4 14. a4 Qxd1 15. Rxd1 cxb3 16. Rb1 Bc4 17. cxb3 Bxf1 18. Kxf1 Nf6 19. Nd3 0-0 20. Nc5 b6 21. Nd3 Ne4 22. Re1 f5 23. Rc1 1-0